Principles of corporate social responsibility (CSR): (Record no. 9042)

MARC details
000 -LEADER
fixed length control field 00728nam a22002057a 4500
003 - CONTROL NUMBER IDENTIFIER
control field OSt
005 - DATE AND TIME OF LATEST TRANSACTION
control field 20240703105406.0
008 - FIXED-LENGTH DATA ELEMENTS--GENERAL INFORMATION
fixed length control field 240703b |||||||| |||| 00| 0 eng d
020 ## - INTERNATIONAL STANDARD BOOK NUMBER
International Standard Book Number 9781612044842
040 ## - CATALOGING SOURCE
Transcribing agency MUST
082 ## - DEWEY DECIMAL CLASSIFICATION NUMBER
Classification number 363 PRI 2012
245 ## - TITLE STATEMENT
Title Principles of corporate social responsibility (CSR):
Remainder of title a guide for students and practicing managers in developing and emerging countries /
Statement of responsibility, etc. Edited by David Katamba
260 ## - PUBLICATION, DISTRIBUTION, ETC. (IMPRINT)
Place of publication, distribution, etc. Texas
Name of publisher, distributor, etc. Strategic Book Publishing and Rights Co.
Date of publication, distribution, etc. 2012
300 ## - PHYSICAL DESCRIPTION
Extent xv, 111p.:
Dimensions 25cm.
504 ## - BIBLIOGRAPHY, ETC. NOTE
Bibliography, etc Includes bibliographical references and index
650 ## - SUBJECT ADDED ENTRY--TOPICAL TERM
Topical term or geographic name as entry element Corporate social resposibility
9 (RLIN) 18397
650 ## - SUBJECT ADDED ENTRY--TOPICAL TERM
Topical term or geographic name as entry element Economics
9 (RLIN) 975
700 ## - ADDED ENTRY--PERSONAL NAME
Personal name Katamba, David
9 (RLIN) 18398
942 ## - ADDED ENTRY ELEMENTS (KOHA)
Source of classification or shelving scheme Dewey Decimal Classification
Koha item type Open Shelf
Holdings
Withdrawn status Lost status Source of classification or shelving scheme Damaged status Not for loan Home library Current library Date acquired Source of acquisition Inventory number Total Checkouts Full call number Barcode Date last seen Price effective from Koha item type
    Dewey Decimal Classification     MUST Main Library MUST Main Library 03/07/2024 Purchase 2013/37005   363 PRI 2012 2024-21704 03/07/2024 03/07/2024 Open Shelf